00727nam a2200157Ia 4500999001700000082002100017245013900038260010400177300001700281650002400298650001800322650006000340710004000400942000700440952012200447 c19134d19134 a382.091724 RES-; 0aReport brought out on the eve of the seventh session of the United Nations conference on Trade & Development, Geneva, 9-31, July, 1987 aNew DelhibResearch and Information System for the Non Aligned and Other Developing Countriesc1987 axxxix, 317p. aInternational trade aGlobalization aDeveloping countries - International economic relations aUnctad vii and the global challenge cBK 00104070aNASSDOCbNASSDOCd2004-06-08i2004-10-22l0o382.091724 RES-;p27905r2019-04-18 00:00:00w2019-04-18yBK